[Event "TCh-VIE 2012"]
[Site "Ho Chi Minh City VIE"]
[Date "2012.09.25"]
[Round "7.12"]
[White "Tran Ngoc Thach"]
[Black "Nguyen Sy Hung"]
[Result "0-1"]
[WhiteElo "2195"]
[BlackElo "2037"]

1.d4 g6 2.e4 Bg7 3.Nc3 d6 4.f4 a6 5.Nf3 b5 6.Bd3 Bb7 7.O-O Nd7 8.e5 e6 9.a4 b4
10.Ne4 Bxe4 11.Bxe4 d5 12.Bd3 c5 13.c3 c4 14.Be2 b3 15.Ng5 h6 16.Nh3 h5 17.g3 Nh6
18.Be3 Qa5 19.Ng5 O-O-O 20.h3 Rdg8 21.g4 hxg4 22.hxg4 Bf8 23.Kf2 Nb6 24.Ke1 Nxa4
25.Kd2 Qb5 26.Rb1 a5 27.Rh1 Qd7 28.Rh3 Nb6 29.Qh1 a4 30.Rg1 a3 31.Nf3 g5  0-1

[Event "21st TCh-CRO 1a 2012"]
[Site "Sibenik CRO"]
[Date "2012.09.25"]
[Round "3.35"]
[White "Rogulj,B"]
[Black "Curic,D"]
[Result "1-0"]
[WhiteElo "2414"]
[BlackElo "2282"]

1.e4 d6 2.d4 g6 3.Nc3 Bg7 4.f4 b6 5.Nf3 Bb7 6.Bd3 c5 7.d5 Nf6 8.O-O O-O 9.Qe1 Qc8
10.Nd2 Ba6 11.Rf3 c4 12.Bf1 b5 13.a4 b4 14.Nb5 Bxb5 15.axb5 c3 16.bxc3 Ng4
17.Nb1 f5 18.exf5 Qc5+ 19.Kh1 Nd7 20.h3 Ngf6 21.Be3 Qxd5 22.fxg6 Ne4 23.Nd2 Nxd2
24.Qxd2 Nb6 25.Qxd5+  1-0

[Event "TCh-SRB Prem 2012"]
[Site "Valjevo SRB"]
[Date "2012.09.25"]
[Round "9.4"]
[White "Perunovic,Mil"]
[Black "Solomunovic,I"]
[Result "1/2-1/2"]
[WhiteElo "2614"]
[BlackElo "2423"]

1.e4 d6 2.d4 g6 3.Nc3 Bg7 4.f4 a6 5.Nf3 b5 6.Bd3 Nd7 7.e5 e6 8.Ne4 Nb6 9.Qe2 Bb7
10.h4 h5 11.Bd2 Nh6 12.Ba5 Nf5 13.O-O-O Kf8 14.Qf2 Nc4 15.Bxc4 bxc4 16.Nxd6 Nxd6
17.exd6 Qxd6 18.Qe2 Bd5 19.Ne5 Bf6 20.Kb1 Kg7 21.Nxc4 Qc6 22.b3 Bxg2 23.Ne5  1/2-1/2

[Event "Baku Open 2012"]
[Site "Baku AZE"]
[Date "2012.09.26"]
[Round "5.19"]
[White "Mammadov,A"]
[Black "Iskandarov,M"]
[Result "0-1"]
[WhiteElo "2403"]
[BlackElo "2380"]

1.e4 g6 2.d4 Bg7 3.Nc3 d6 4.Be3 c6 5.Qd2 b5 6.Bd3 Nd7 7.Nf3 Ngf6 8.h3 O-O
9.O-O e5 10.dxe5 dxe5 11.a4 b4 12.Na2 c5 13.Qe2 Bb7 14.Nd2 Nh5 15.g3 a5 16.Nc1 Qe7
17.Bc4 Kh8 18.Bd5 Nf4 19.gxf4 Bxd5 20.exd5 exf4 21.d6 Qxd6 22.Nc4 Qf6 23.Bd2 f3
24.Qe4 Rae8 25.Qd5 Qh4 26.Qxd7 f5 27.Qd6 Re4 28.Qg3 Rxc4 29.Qxh4 Rxh4 30.Bg5 Rh5
31.Be7 Re8 32.Re1 c4 33.h4 Rxh4 34.Na2 Re4 35.Rxe4 fxe4 36.Rd1 Bxb2 37.Bd6 Kg8
38.Bf4 Kf7 39.Nc1 g5 40.Be3 Ke6 41.Kh2 Rg8 42.Bb6 g4 43.Bc7 Rc8 44.Bf4 h5
45.Kg3 Be5 46.Bxe5 Kxe5 47.Rd7 h4+ 48.Kxh4 Rh8+ 49.Kxg4 Rg8+ 50.Kh3 Rg1 51.Na2 Ra1
52.Nxb4 axb4 53.Ra7 b3 54.cxb3 cxb3 55.Rb7 e3 56.Rb5+ Kd6 57.Rxb3 exf2 58.Rd3+ Ke5
59.Re3+ Kf4  0-1

[Event "TCh-VIE 2012"]
[Site "Ho Chi Minh City VIE"]
[Date "2012.09.26"]
[Round "9.9"]
[White "Ton,T"]
[Black "Nguyen Sy Hung"]
[Result "1/2-1/2"]
[WhiteElo "2184"]
[BlackElo "2037"]

1.d4 g6 2.e4 Bg7 3.Nc3 d6 4.Be3 a6 5.a4 b6 6.Qd2 Bb7 7.f3 c5 8.Nge2 Nc6 9.Rd1 h6
10.h4 h5 11.Qc1 Qb8 12.d5 Ne5 13.Nf4 Bc8 14.Be2 Bd7 15.O-O b5 16.axb5 axb5
17.Nh3 Nf6 18.Ng5 b4 19.Nb1 Bb5 20.Qd2 Nc4 21.Bxc4 Bxc4 22.Rfe1 Nd7 23.b3 Bb5
24.f4 Ra2 25.Bf2 Nf6  1/2-1/2

[Event "Baku Open 2012"]
[Site "Baku AZE"]
[Date "2012.09.28"]
[Round "7.28"]
[White "Isgandarova,K"]
[Black "Husseinov,S"]
[Result "1-0"]
[WhiteElo "2194"]
[BlackElo "2195"]

1.e4 d6 2.d4 g6 3.Nc3 Bg7 4.f4 Nf6 5.Nf3 c5 6.Bb5+ Bd7 7.e5 Ng4 8.h3 cxd4
9.Qxd4 Bxb5 10.Nxb5 Nh6 11.Qd5 Nc6 12.exd6 O-O 13.Kf2 exd6 14.g4 Nb4 15.Qc4 a5
16.Nbd4 Rc8 17.Qb3 Re8 18.Be3 Re4 19.Rad1 Qe7 20.Ng5 Bxd4 21.Rxd4 Rxd4 22.Bxd4 Rxc2+
23.Kg3 Qe2 24.Qf3 Qxf3+ 25.Kxf3 Rc4 26.Rd1 f5 27.Bf6 Nf7 28.gxf5 Nxg5+ 29.fxg5 gxf5
30.Rxd6 Rc7 31.a3 Nc6 32.Kf4 Kf7 33.Kxf5 Nb8 34.Be5 Nd7 35.Rf6+ Nxf6 36.Bxc7  1-0

[Event "Baku Open 2012"]
[Site "Baku AZE"]
[Date "2012.09.29"]
[Round "8.18"]
[White "Abdulov,Or"]
[Black "Musaev,E"]
[Result "1-0"]
[WhiteElo "2382"]
[BlackElo "2226"]

1.e4 g6 2.d4 Bg7 3.Nc3 d6 4.f4 a6 5.Nf3 b5 6.Bd3 Bb7 7.Qe2 c5 8.dxc5 dxc5
9.e5 Nh6 10.Be4 Qc8 11.a4 b4 12.Bxb7 Qxb7 13.Qe4 Ra7 14.Qxb7 Rxb7 15.Ne4 Rc7
16.Be3 Nd7 17.O-O-O Nf5 18.Bf2 Bh6 19.g3 O-O 20.Kb1 Ng7 21.Rd5 Ne6 22.a5 Rb8
23.Rhd1 Rbb7 24.Nh4 Kf8 25.f5 gxf5 26.Nxf5 Bg7 27.Nxc5 Nexc5 28.Bxc5  1-0

[Event "Leicester H.E. Atkins Open 2012"]
[Site "Leicester ENG"]
[Date "2012.09.29"]
[Round "2"]
[White "Amato,G"]
[Black "Burke,Steven J"]
[Result "0-1"]
[WhiteElo "1986"]
[BlackElo "2018"]

1.e4 g6 2.d4 Bg7 3.Nc3 d6 4.Be3 a6 5.Qd2 b5 6.a4 b4 7.Nd1 a5 8.c3 bxc3 9.bxc3 Nf6
10.f3 h6 11.Bd3 Nbd7 12.Ne2 Bb7 13.O-O Qc8 14.Nf2 c5 15.Bb5 Kf8 16.Nd3 Kg8
17.Qa2 Qc7 18.Nef4 e6 19.Rab1 g5 20.Nxe6 fxe6 21.Qxe6+ Kf8 22.e5 Re8 23.Qf5 Bc8
24.e6 c4 25.Nf2 Rxe6 26.Ne4 Nb6 27.Qg6 Nfd5 28.Qh5 Nxe3 29.Rfe1 Nbd5 30.Re2 Nf4  0-1

[Event "1st Simon Bolivar Open 2012"]
[Site "San Cristobal VEN"]
[Date "2012.09.29"]
[Round "8.3"]
[White "Vocaturo,D"]
[Black "Cordova,E"]
[Result "1-0"]
[WhiteElo "2542"]
[BlackElo "2554"]

1.e4 g6 2.d4 Bg7 3.Nc3 d6 4.Be3 a6 5.Nf3 Bg4 6.h3 Bxf3 7.Qxf3 e6 8.O-O-O Nd7
9.h4 h5 10.Qg3 b5 11.Bd3 Ne7 12.f4 Nf6 13.f5 Ng4 14.Bg5 Bxd4 15.fxe6 fxe6
16.Bxb5+ axb5 17.Rxd4 O-O 18.a3 Rb8 19.Rb4 Qd7 20.Bxe7 Qxe7 21.Rxb5 Qe8 22.Rg5 Qf7
23.Re1 e5 24.Kb1 Kh7 25.Nd1 Rb7 26.Qd3 Qf4 27.b3 Ra7 28.Kb2 Nf2 29.Nxf2 Qxh4
30.Rg3 Rxf2 31.Qe3 Qf4 32.Qxa7 Qxg3 33.Qxc7+ Kh6 34.Qxd6 Qxg2 35.Qd3 h4 36.Re3 Rd2
37.Qc3 Qf2 38.Rh3 g5 39.Qc6+ Kh5 40.Qe8+ Kg4 41.Qc8+ Kh5 42.Rc3 Qd4 43.Qe8+ Kg4
44.Qe6+ Kh5 45.Qf7+ Kh6 46.Qf6+ Kh5 47.Qf3+ Kg6 48.Ka2 Qf2 49.Rc6+ Kg7 50.Qc3 Qd4
51.Qa5 Rf2 52.Rc4 Qd6 53.Qc3 Rf7 54.Rc5 Re7 55.Rc6 Qd7 56.Qc5 h3 57.Qb6 Kg8
58.Rd6 Qc7 59.Rg6+ Kf7 60.Qf6+ Ke8 61.Rg8+ Kd7 62.Qf5+ Kd6 63.Rg6+  1-0

[Event "21st TCh-CRO 1a 2012"]
[Site "Sibenik CRO"]
[Date "2012.09.29"]
[Round "7.15"]
[White "Rogulj,B"]
[Black "Kuljasevic,D"]
[Result "0-1"]
[WhiteElo "2414"]
[BlackElo "2555"]

1.e4 g6 2.d4 Bg7 3.Nc3 d6 4.f4 Nf6 5.e5 Nfd7 6.Nf3 c5 7.exd6 O-O 8.Be3 exd6
9.Qd2 Nc6 10.O-O-O Qa5 11.a3 Nf6 12.h3 Re8 13.Bc4 b5 14.Nxb5 d5 15.Bf1 Qd8
16.Ne5 Bb7 17.Nc3 cxd4 18.Bxd4 Nxd4 19.Qxd4 Nd7 20.Qb4 Rb8 21.Nxd7 Qxd7 22.Bb5 Bc6
23.a4 d4 24.Qc5 Rec8 25.Bxc6 Rxc6 26.Qd5 Qb7  0-1

[Event "Leicester H.E. Atkins Open 2012"]
[Site "Leicester ENG"]
[Date "2012.09.30"]
[Round "4"]
[White "Murphy,Hugh W"]
[Black "Ghasi,A"]
[Result "0-1"]
[WhiteElo "2150"]
[BlackElo "2430"]

1.e4 g6 2.d4 Bg7 3.Nc3 d6 4.Nf3 a6 5.Bd3 Bg4 6.Ne2 c5 7.c3 cxd4 8.cxd4 Nc6
9.d5 Bxf3 10.dxc6 Bxe2 11.Qxe2 bxc6 12.O-O Qc8 13.Bg5 Qb7 14.Rac1 Nf6 15.Rc3 O-O
16.Rb3 Qa7 17.Rc1 Rfc8 18.Be3 c5 19.Ra3 a5 20.b4 cxb4 21.Rxc8+ Rxc8 22.Bxa7 Rc1+
23.Qf1 Rxf1+ 24.Kxf1 bxa3 25.Bb6 a4 26.e5 dxe5 27.Bc5 e6 28.Bxa3 Nd5 29.Bd6 f6
30.Bb5 Nc3 31.Bd7 Kf7 32.Ke1 Nxa2 33.Bxa4 Nc3 34.Bb3 Nd5 35.Bb8 e4 36.f3 exf3
37.gxf3 Bh6 38.Ba7 Bf4 39.h3 Bc7 40.Bc4 Ba5+ 41.Kf1 Nf4 42.h4 Nd5 43.Ba2 Bd2
44.Kf2 Ne7 45.Ke2 Bf4 46.Bb1 Nf5 47.Bf2 Bg3 48.Bxf5 Bxf2 49.Bc2 Bxh4 50.Bb3 Bg3
51.Kf1 f5 52.Kg2 Bc7 53.Bc4 Kf6 54.Bb3 h5 55.Ba4 e5 56.Bc6 Kg5 57.Be8 e4
58.fxe4 fxe4 59.Kf2 Bb6+ 60.Kg2 Kf5 61.Bd7+ Kf6 62.Be8 Kg5 63.Bf7 Bc7 64.Be8 Kh6
65.Bf7 g5 66.Bd5 e3 67.Bc4 g4 68.Bd3 Kg5 69.Be2 Kf4 70.Kg1 Kg3 71.Kf1 Kh2
72.Bd1 g3 73.Bf3 g2+ 74.Bxg2 e2+ 75.Kxe2 Kxg2  0-1

[Event "Oslo GM Open 2012"]
[Site "Oslo NOR"]
[Date "2012.09.30"]
[Round "7.17"]
[White "Ahvenjarvi,Jani"]
[Black "Martinsen,S"]
[Result "1-0"]
[WhiteElo "2210"]
[BlackElo "2164"]

1.e4 g6 2.d4 Bg7 3.Nc3 d6 4.Nf3 a6 5.a4 b6 6.Bc4 e6 7.O-O Bb7 8.Bg5 Ne7 9.Qd2 h6
10.Be3 Nd7 11.h3 Nf6 12.d5 e5 13.Nh2 Qd7 14.f4 exf4 15.Rxf4 g5 16.Rf2 Ng6
17.Bd4 Qe7 18.Raf1 Ne5 19.Bxe5 Qxe5 20.Nf3 Qe7 21.Nd4 Nd7 22.Nc6 Qf8 23.Be2 Be5
24.Bh5 Bf4 25.Qe2 Rh7 26.g3 Bxg3 27.Rxf7 Rxf7 28.Qg4 Bxc6 29.Rxf7 Qxf7 30.Qe6+  1-0

[Event "Tatry Open 2012"]
[Site "Tatranske Zruby SVK"]
[Date "2012.09.30"]
[Round "9.9"]
[White "Vesely,T"]
[Black "Bezuch,M"]
[Result "0-1"]
[WhiteElo "2140"]
[BlackElo "2291"]

1.e4 g6 2.d4 Bg7 3.Nc3 d6 4.f4 Nd7 5.Nf3 a6 6.a4 e6 7.Bd3 c5 8.d5 exd5 9.Nxd5 Ngf6
10.O-O Nxd5 11.exd5 O-O 12.c4 Rb8 13.Rb1 Nf6 14.f5 Ng4 15.fxg6 fxg6 16.h3 Ne5
17.Nxe5 Rxf1+ 18.Qxf1 Bxe5 19.Bf4 Bd4+ 20.Kh2 a5 21.Re1 Qf8 22.Bg3 Bd7 23.Qxf8+ Rxf8
24.b3 Bf2 25.Re7 Bxg3+ 26.Kxg3 Rf7 27.Re3 Kf8 28.Be2 Re7 29.Rxe7 Kxe7 30.Bg4 Be8
31.Bc8 b6 32.Kf4 Kf6 33.Ke4 h5 34.Be6 h4 35.Bg4 g5 36.Bc8  0-1

[Event "TCh-Central SRB 2012"]
[Site "Vrnjacka Banja SRB"]
[Date "2012.10.01"]
[Round "4.2"]
[White "Urosevic,Z"]
[Black "Todorovic,Boj"]
[Result "1/2-1/2"]
[WhiteElo "2255"]
[BlackElo "2327"]

1.e4 g6 2.d4 Bg7 3.Nc3 d6 4.Be3 a6 5.Qd2 Nd7 6.Nf3 b5 7.a3 Bb7 8.d5 c6 9.dxc6 Bxc6
10.Nd4 Bb7 11.O-O-O Rc8 12.f3 Ngf6 13.Bh6 Bxh6 14.Qxh6 Qb6 15.Kb1 Ne5 16.Qe3 Nc4
17.Bxc4 Rxc4 18.Qd3 O-O 19.Na2 Rfc8 20.c3 e5 21.Nc2 d5 22.exd5 Nxd5 23.Rhe1 Qc7  1/2-1/2

[Event "TCh-Belgrade Premier 2012"]
[Site "Belgrade SRB"]
[Date "2012.10.04"]
[Round "4.4"]
[White "Sarenac,I"]
[Black "Biocanin,Gora"]
[Result "1/2-1/2"]
[WhiteElo "2377"]
[BlackElo "2293"]

1.e4 g6 2.d4 Bg7 3.Nc3 d6 4.Bg5 c6 5.Qd2 b5 6.f4 b4 7.Nce2 a5 8.Ng3 Qb6 9.Nf3 Nf6
10.e5 dxe5 11.fxe5 Nd5 12.Bh6 Bxh6 13.Qxh6 Bg4 14.Qg7 Rf8 15.O-O-O a4 16.Ne4 Nd7
17.Qxh7 b3 18.cxb3 axb3 19.a3 Rxa3 20.bxa3 b2+ 21.Kb1 Bf5 22.Bd3 Qb3 23.Nfg5 Qxa3
24.Rd2 Nb4 25.Rxb2 Qxd3+ 26.Ka1 Qa3+ 27.Kb1 Qd3+ 28.Ka1 Nc2+ 29.Ka2 Qa6+
30.Kb1 Na3+ 31.Ka1 Nc2+ 32.Kb1 Qa1+ 33.Kxc2 Qxh1 34.Kd3 c5 35.Qh4 Qf1+ 36.Ke3 Qc1+
37.Rd2 cxd4+ 38.Kxd4 Qa1+ 39.Ke3 Nxe5 40.Kf2 Ng4+ 41.Ke2 Qe5 42.h3 Bxe4 43.hxg4 Bd5+
44.Kf1 Bc4+ 45.Kg1 Qa1+ 46.Kf2 Qf1+ 47.Ke3 Qf6 48.Nf3 Qb6+ 49.Kf4 f6 50.Kg3 Qc7+
51.Kf2 Qb6+ 52.Kg3 Qc7+ 53.Kf2 Qb6+  1/2-1/2

[Event "TATA 50th ch-IND National Premier"]
[Site "Kolkata IND"]
[Date "2012.10.04"]
[Round "4.16"]
[White "Patil,Pr2"]
[Black "Sethuraman,S"]
[Result "1/2-1/2"]
[WhiteElo "2197"]
[BlackElo "2553"]

1.e4 g6 2.d4 Bg7 3.Nc3 d6 4.Nf3 Nf6 5.Bd3 O-O 6.h3 Nc6 7.Be3 e5 8.O-O Bd7
9.Qd2 Qc8 10.Ne2 exd4 11.Nexd4 Re8 12.Ng5 h6 13.Nxf7 Kxf7 14.Bc4+ Kf8 15.Bxh6 Ne5
16.Bb3 Nf7 17.Bxg7+ Kxg7 18.f3 c5 19.Bxf7 Kxf7 20.Ne2 Bb5 21.Rfe1 Bxe2 22.Rxe2 Qe6
23.Rae1 Qe5 24.f4 Qd4+ 25.Qxd4 cxd4 26.e5 Nd5 27.exd6 Ne3 28.c3 Nc4 29.Re7+ Rxe7
30.Rxe7+ Kf6 31.cxd4 Nxd6 32.Rd7 Ke6 33.Rg7 Kf5 34.Rd7 Nc4 35.b3 Nd2 36.Rxb7 Kxf4
37.Rf7+ Ke3 38.Rg7 Rc8 39.Rxg6 Rc1+ 40.Kh2 Nf1+ 41.Kg1 Nd2+ 42.Kh2 Nf1+ 43.Kg1 Nd2+  1/2-1/2

[Event "3rd Copa Latino-Americana"]
[Site "Cali COL"]
[Date "2012.10.06"]
[Round "5.3"]
[White "Zapata,Alo"]
[Black "Almeida Quintana,O"]
[Result "0-1"]
[WhiteElo "2467"]
[BlackElo "2520"]

1.e4 g6 2.d4 Bg7 3.Nc3 d6 4.Be3 a6 5.h4 h5 6.Qd2 Nf6 7.f3 b5 8.Nh3 Bxh3 9.Rxh3 Nbd7
10.a4 c6 11.d5 cxd5 12.exd5 Qa5 13.Rd1 bxa4 14.Ra1 Qb4 15.Nxa4 Nxd5 16.Qxb4 Nxb4
17.Kd1 O-O 18.Bd2 Nc6 19.f4 Nd4 20.Rha3 Rfb8 21.Bd3 e6 22.Be3 d5 23.R3a2 a5
24.Bf2 Nc6 25.c3 Bf8 26.Ke2 Bd6 27.Be3 Kf8 28.Rf1 Rb7 29.Kd2 Rab8 30.Raa1 Ke7
31.Rad1 d4 32.cxd4 Rb4 33.Nc3 Rxb2+ 34.Ke1 R8b3 35.Bd2 Rxd2 36.Kxd2 Bb4 37.Rc1 Nf6
38.Bc4 Rxc3 39.Rxc3 Ne4+ 40.Kd3 Nxc3 41.Rc1 Kd6 42.f5 Nd5 43.fxg6 fxg6 44.Rf1 Nce7
45.Rf7 Be1 46.Rh7 Nf4+ 47.Ke4 Nxg2 48.Rh8 Nd5 49.Ra8 Nc7 50.Rb8 Nxh4 51.Rb6+ Kd7  0-1

[Event "Florence Move 2012"]
[Site "Florence ITA"]
[Date "2012.10.06"]
[Round "3.4"]
[White "Efimov,Ig"]
[Black "Rosato,L"]
[Result "1-0"]
[WhiteElo "2420"]
[BlackElo "2229"]

1.d4 d6 2.e4 g6 3.Nc3 Bg7 4.Be3 a6 5.Qd2 b5 6.a4 b4 7.Nd1 a5 8.c3 bxc3 9.bxc3 Nf6
10.f3 O-O 11.Bd3 Na6 12.Ne2 c6 13.O-O Qc7 14.Bh6 c5 15.Bxg7 Kxg7 16.Ne3 cxd4
17.cxd4 Nb4 18.Bb5 Bd7 19.Rac1 Qa7 20.Nc3 Rfc8 21.Rfd1 Be6 22.g4 Bb3 23.Re1 h6
24.Kg2 e5 25.dxe5 dxe5 26.Qb2 Be6 27.Rcd1 Qc5 28.Ncd5 Bxd5 29.exd5 Nbxd5
30.Nxd5 Nxd5 31.Qxe5+ Nf6 32.h4 Qxe5 33.Rxe5 Rd8 34.Rxd8 Rxd8 35.Re7 Rd2+
36.Kg3 g5 37.hxg5 hxg5 38.Bc4 Rd7 39.Re5 Rd4 40.Bb3 Rd3 41.Rxg5+ Kh6 42.Rb5 Ne4+
43.Kf4 Nd6 44.Rb6 Kg7 45.Bc2 Rd2 46.Rc6 f6 47.Ke3 Rd5 48.f4 Ne8 49.Bb3 Rd7
50.Rc5 Re7+ 51.Kd3 Nd6 52.Rxa5 Ne4 53.g5 fxg5 54.fxg5 Kg6 55.Bd5 Nxg5 56.Ra8 Kf5
57.Kd4 Ne6+ 58.Kc4 Rc7+ 59.Kb4 Ke5 60.Bc4 Rb7+ 61.Bb5 Rh7 62.Rc8 Rh1 63.Ka5 Rb1
64.Kb6 Kd6 65.Rc6+ Ke7 66.Rc4 Kd6 67.a5 Nc7 68.Rc6+ Kd7 69.Rxc7+  1-0

[Event "TCh-CHN 2012"]
[Site "Hangzhou CHN"]
[Date "2012.10.06"]
[Round "15"]
[White "Zhai Mo"]
[Black "Ren,Xiaoyi"]
[Result "1-0"]
[WhiteElo "2262"]
[BlackElo "2202"]

1.e4 g6 2.d4 Bg7 3.Nc3 d6 4.Be3 Nf6 5.Qd2 Ng4 6.Bg5 h6 7.Bh4 c6 8.Nf3 O-O
9.Bd3 b5 10.O-O Na6 11.a4 b4 12.Ne2 Nf6 13.e5 dxe5 14.dxe5 Nd5 15.Ned4 Qc7
16.Bg3 e6 17.Nb3 c5 18.Qe2 Nb8 19.h4 h5 20.Ng5 a5 21.Ne4 Nd7 22.Nd6 N7b6
23.Bh2 Qe7 24.Qe4 Ba6 25.Nxc5 Bxd3 26.cxd3 Nc8 27.Rfc1 Ncb6 28.Rc2 Ra7 29.Rac1 Bh6
30.Rd1 Rc7 31.d4 Kh8 32.Bg3 Rg8 33.Nb3 Nxa4 34.Nxa5 Nxb2 35.Ra1 Nc3 36.Qf3 Nba4
37.Nc6 Qd7 38.Nxb4 Rf8 39.Qd3 Ra8 40.f3 Raa7 41.Ra3 Nb2 42.Rxa7 Nxd3 43.Ra8+ Kh7
44.Ne8 Qxd4+ 45.Bf2 Qxe5 46.Nxd3 Qf5 47.Bd4 Be3+ 48.Bxe3 Qxd3 49.Nf6+ Kg7
50.Bg5 Qd4+ 51.Kh2 Qxf6 52.Bxf6+ Kxf6 53.Ra3 Nd5 54.Rxc7 Nxc7 55.Ra7 Nd5
56.Kg3 Ne3 57.Rd7 e5 58.Rd6+ Kg7 59.Ra6 Nf5+ 60.Kh3 Nd4 61.Rb6 f5 62.Ra6 Kf7
63.Ra5 Kf6 64.Ra6+ Kf7 65.Ra3 Kf6 66.Rd3  1-0

[Event "TCh-NED Meesterklasse 2012-13"]
[Site "Netherland NED"]
[Date "2012.10.06"]
[Round "2.3"]
[White "Ootes,La"]
[Black "Cuijpers,F"]
[Result "1/2-1/2"]
[WhiteElo "2335"]
[BlackElo "2445"]

1.e4 g6 2.d4 Bg7 3.Nc3 d6 4.f4 Nc6 5.Nf3 Bg4 6.Bb5 a6 7.Bxc6+ bxc6 8.O-O Nf6
9.Qe1 Qb8 10.e5 Nd5 11.Ne4 O-O 12.Qh4 Bf5 13.g4 Bxe4 14.Ng5 h6 15.Nxe4 f5
16.gxf5 Rxf5 17.Ng3 Rf7 18.Qg4 Qb6 19.Qxg6 Qxd4+ 20.Rf2 dxe5 21.c3 Qc5 22.Ne4 Qb6
23.f5 Nf6 24.Ng3 h5 25.Bg5 Ng4 26.Rf1 Nxf2 27.Rxf2 c5 28.f6 exf6 29.Nf5 fxg5
30.Nh6+ Kh8 31.Nxf7+ Kg8 32.Nh6+ Kh8 33.Nf7+ Kg8 34.Qxh5 Rf8 35.Nxg5 Rxf2
36.Kxf2 Qxb2+ 37.Kg3 Qxc3+ 38.Kg4 Qd4+ 39.Kf5 Qd7+ 40.Ke4 Qd4+ 41.Kf5 Qd7+
42.Ke4 c6 43.Qh7+ Kf8 44.Qg6 Qg4+ 45.Ke3 Qf4+ 46.Ke2 Qxh2+ 47.Kd3 e4+ 48.Nxe4 c4+
49.Kxc4 Qc2+ 50.Kb4 Bc3+ 51.Kc5 Be5+ 52.Kb6 Qb2+ 53.Kxa6 Qb5+ 54.Ka7 Ke7
55.Qh7+ Kd8  1/2-1/2

[Event "TCh-NED Meesterklasse 2012-13"]
[Site "Netherland NED"]
[Date "2012.10.06"]
[Round "2.5"]
[White "Dek,L"]
[Black "Pel,B"]
[Result "0-1"]
[WhiteElo "2244"]
[BlackElo "2274"]

1.e4 d6 2.d4 g6 3.Nc3 Bg7 4.f4 a6 5.Nf3 Nd7 6.e5 c5 7.Bc4 Nb6 8.Bxf7+ Kxf7
9.dxc5 Nh6 10.cxb6 Qxb6 11.Qd5+ Kf8 12.Bd2 Ng4 13.Nd1 dxe5 14.Nxe5 Nxe5 15.fxe5 Be6
16.Qf3+ Kg8 17.Bc3 Rf8 18.Qe2 h5 19.Nf2 Rf4 20.O-O Bc4 21.Qd2 Bh6 22.Rfe1 Kh7
23.Rad1 Rhf8 24.Bd4 Qc6 25.Qc3 Qe6 26.Be3 R4f5 27.Bxh6 Kxh6 28.Qe3+ Kg7 29.Rd2 Bb5
30.b3 Bc6 31.Nd3 Kh7 32.Rde2 a5 33.a4 g5 34.c4 Qg6 35.Rf2 h4 36.Rxf5 Qxf5
37.Qe2 h3 38.Qh5+ Kg7 39.Qxh3 Qxh3 40.gxh3 Rf3 41.Nc1 Rxh3 42.Rd1 Rc3 43.Kf2 Kg6
44.Rg1 Rf3+ 45.Ke2 Rh3 46.Nd3 Rxh2+ 47.Ke3 Rh4 48.Nf2 Kf5 49.Rg3 g4 50.Rg1 Bf3
51.Nd3 Rh2 52.Nf2 Rh8 53.Rg3 Rg8 54.Nd3 Rg6 55.Rg1 Rb6 56.Rb1 Bc6 57.c5 Ra6
58.Rf1+ Kg5 59.Nf4 Bf3 60.Rg1 Rh6 61.Nd3 Rh2 62.Nf2 Kf5 63.Rc1 Bd5 64.Rg1 Rh4
65.b4 axb4 66.Nd3 b3 67.Rf1+ Kg5 68.Kd4 e6 69.Rf7 g3+ 70.Kc3 Rc4+ 71.Kb2 Rc2+  0-1

[Event "TCh-ISL 2012-13"]
[Site "Reykjavik ISL"]
[Date "2012.10.06"]
[Round "3.1"]
[White "Thorhallsson,T"]
[Black "Gislason,G"]
[Result "1-0"]
[WhiteElo "2436"]
[BlackElo "2336"]

1.e4 d6 2.d4 g6 3.Nc3 Bg7 4.f4 c6 5.Nf3 Bg4 6.Be3 e6 7.h3 Bxf3 8.Qxf3 d5
9.O-O-O Ne7 10.g4 Nd7 11.Bd3 Qa5 12.Kb1 O-O-O 13.f5 gxf5 14.exf5 e5 15.f6 Nxf6
16.dxe5 Nd7 17.Qxf7 Bxe5 18.Qxe7 Rde8 19.Qf7 Rhf8 20.Qxh7 Rh8 21.Qg6 Bxc3
22.Bc1 Rhg8 23.Qh6 Rh8 24.Qg5 Rhg8 25.Qf4 Be5 26.Qf3 Nc5 27.Rde1 Qb4 28.Bf5+ Kd8
29.h4 Na4 30.Qb3 a5 31.Bg5+ Kc7 32.Qxb4 axb4 33.Rxe5  1-0

[Event "3rd Copa Latino-Americana"]
[Site "Cali COL"]
[Date "2012.10.07"]
[Round "7.9"]
[White "Uribe,M"]
[Black "Nunez V,D"]
[Result "1/2-1/2"]
[WhiteElo "2343"]
[BlackElo "2211"]

1.e4 g6 2.d4 Bg7 3.Nc3 d6 4.Nf3 a6 5.a4 b6 6.Bc4 e6 7.Bg5 Ne7 8.Qd2 h6 9.Be3 Bb7
10.O-O Nd7 11.Rad1 Nf6 12.d5 e5 13.h3 g5 14.g3 Bc8 15.Kg2 Ng6 16.Rh1 Nh5
17.Qe2 g4 18.Ng1 Nhf4+ 19.Bxf4 exf4 20.hxg4 fxg3 21.fxg3 Ne5 22.Rf1 Bxg4
23.Qf2 O-O 24.Be2 f5 25.Qe3 Qd7 26.Nh3 fxe4 27.Bxg4 Nxg4 28.Rxf8+ Rxf8 29.Qxe4 Re8
30.Qg6  1/2-1/2

[Event "3rd Copa Latino-Americana"]
[Site "Cali COL"]
[Date "2012.10.07"]
[Round "7.2"]
[White "Escobar Forero,A"]
[Black "Almeida Quintana,O"]
[Result "1/2-1/2"]
[WhiteElo "2460"]
[BlackElo "2520"]

1.e4 g6 2.d4 Bg7 3.Nc3 d6 4.Be3 a6 5.f4 b5 6.Bd3 Bb7 7.Nf3 Nd7 8.e5 c5 9.Be4 Bxe4
10.Nxe4 Nh6 11.dxc5 Ng4 12.Qe2 dxe5 13.O-O-O Qc7 14.fxe5 Ndxe5 15.Bd4 O-O
16.h3 Nxf3 17.Bxg7 Qf4+ 18.Kb1 Kxg7 19.hxg4 Ng5 20.Nxg5 Qxg5 21.Rd7 Qxc5
22.Qd2 Rh8 23.b4 Qc4 24.Rd4 Qe6 25.Qh6+ Kg8 26.Rhd1 f6  1/2-1/2

[Event "3rd Copa Latino-Americana"]
[Site "Cali COL"]
[Date "2012.10.07"]
[Round "7.13"]
[White "Hernandez,Crist COL"]
[Black "Hernandez,Ja"]
[Result "0-1"]
[WhiteElo "2094"]
[BlackElo "2307"]

1.e4 g6 2.d4 Bg7 3.Nc3 d6 4.Be3 c6 5.Qd2 Nd7 6.f3 Qa5 7.Nge2 b5 8.g4 Nb6
9.Ng3 Rb8 10.Kf2 Nf6 11.g5 Nfd7 12.h4 Ba6 13.h5 b4 14.Nd1 Bxf1 15.h6 Bf8
16.Rxf1 Nc4 17.Qd3 Nxe3 18.Qxe3 Rb5 19.f4 e5 20.Kg2 Be7 21.dxe5 dxe5 22.f5 O-O
23.fxg6 fxg6 24.Qb3+ Kh8 25.Qe6 Qd8 26.Ne3 Qe8 27.Nd5 cxd5 28.Rxf8+ Qxf8
29.Qxd7 Rc5 30.Rf1 Rxc2+ 31.Kh1 Qc8 32.Qxc8+ Rxc8 33.Rf7 Bxg5 34.exd5 Bxh6
35.Ne4 Rf8 36.Rxa7 Rf4 37.Nd6 Bf8 38.Nf7+ Kg8 39.Nxe5 Rf5 40.Nd7 Be7 41.Nb6 Bc5
42.Rb7 h5 43.Nd7 Be7 44.d6 Bxd6 45.Rb6 Rf1+ 46.Kg2 Rd1 47.Nf6+ Kf7 48.Ne4 Be7
49.Ra6 Re1 50.Kf3 g5 51.Nd6+ Bxd6 52.Rxd6 g4+ 53.Kg3 Re3+ 54.Kf2 Rf3+ 55.Kg1 b3
56.a4 Rf4 57.Rb6 Rxa4 58.Rxb3 Kg6 59.Kg2 Rf4 60.Rb5 Rf5 61.Rb8 Kg5 62.Rb3 Kh4
63.Rb6 Rc5 64.Rb3 Rc2+ 65.Kg1 g3 66.Rb5 Kg4 67.Rb4+ Kh3  0-1

[Event "TCh-CHN 2012"]
[Site "Hangzhou CHN"]
[Date "2012.10.07"]
[Round "16"]
[White "Wang Jue"]
[Black "Huang Qian"]
[Result "1/2-1/2"]
[WhiteElo "2366"]
[BlackElo "2399"]

1.e4 g6 2.d4 Bg7 3.Nc3 d6 4.Be3 a6 5.h4 h5 6.Qd2 Nd7 7.Nh3 b5 8.Ng5 Bb7 9.a4 c6
10.f4 Nh6 11.e5 Nb6 12.e6 f5 13.a5 Nd5 14.Nxd5 cxd5 15.Bd3 O-O 16.O-O Ng4
17.c3 Rc8 18.Rf3 Rf6 19.Rg3 Nh6 20.Qe2 Rc7 21.Bd2 Qc8 22.Re1 Bc6 23.Nh3 Be8
24.Rg5 Rf8 25.Nf2 Kh7 26.g4 hxg4 27.Nh1 Rc4 28.Ng3 b4 29.h5 bxc3 30.hxg6+ Bxg6
31.bxc3 Rxc3 32.Kg2 Rxd3 33.Qxd3 Qc4 34.Qxc4 dxc4 35.Bc3 Rb8 36.Nf1 Bf6 37.Ne3 Rb3
38.Nd5 Ng8 39.Rc1 Kh6 40.Rh1+ Kg7 41.Rc1 Kh6 42.Rh1+ Kg7 43.Rc1 Kh6 44.Rh1+ Kg7  1/2-1/2

[Event "TCh-ROU League A 2012"]
[Site "Olanesti ROU"]
[Date "2012.10.07"]
[Round "2.1"]
[White "Toma,Al"]
[Black "Stanca,A"]
[Result "1/2-1/2"]
[WhiteElo "2229"]
[BlackElo "2199"]

1.e4 g6 2.d4 Bg7 3.Nc3 d6 4.f4 e6 5.Nf3 Ne7 6.Be3 Nd7 7.Qd2 a6 8.a4 b6 9.Bd3 Bb7
10.O-O Nf6 11.f5 exf5 12.exf5 gxf5 13.Nh4 Ne4 14.Qe2 Qd7 15.Qh5 Nf6 16.Qg5 Rg8
17.Bxf5 Nxf5 18.Qxf5 Qxf5 19.Nxf5 Nd5 20.Rae1 Nxe3 21.Rxe3+ Kf8  1/2-1/2

[Event "3rd Copa Latino-Americana"]
[Site "Cali COL"]
[Date "2012.10.08"]
[Round "8.12"]
[White "Sanchez,V"]
[Black "Nunez V,G"]
[Result "0-1"]
[WhiteElo "2235"]
[BlackElo "2234"]

1.e4 g6 2.d4 Bg7 3.Nc3 d6 4.f4 a6 5.Nf3 b5 6.a4 b4 7.Nd5 Bb7 8.Bd3 a5 9.c3 e6
10.Ne3 Ne7 11.O-O O-O 12.Qe1 c5 13.Qh4 cxd4 14.Ng4 h5 15.Ng5 dxc3 16.bxc3 d5
17.e5 Nd7 18.Nf2 Nc5 19.g4 Nxd3 20.Nxd3 d4 21.gxh5 Nf5 22.Qh3 gxh5 23.Nc5 Bc6
24.Qxh5 Bh6 25.Nce4 Bxe4 26.Nxe4 dxc3 27.Nf6+ Kh8 28.Be3 Qd3 29.Rae1 b3 30.Rf3 b2  0-1

[Event "TCh-Belgrade Premier 2012"]
[Site "Belgrade SRB"]
[Date "2012.10.09"]
[Round "8.5"]
[White "Sarenac,D"]
[Black "Mihic,B"]
[Result "0-1"]
[WhiteElo "2311"]
[BlackElo "2393"]

1.e4 g6 2.d4 Bg7 3.Nc3 d6 4.Bg5 a6 5.Qd2 b5 6.f4 Bb7 7.a3 Nd7 8.Nf3 c5 9.d5 Ngf6
10.Qe3 O-O 11.Be2 Re8 12.f5 gxf5 13.Nh4 e6 14.dxe6 fxe6 15.exf5 h6 16.Bf4 e5
17.Bg3 d5 18.Nd1 d4 19.Qb3+ Bd5 20.c4 Bf7 21.O-O Nb6 22.Rc1 bxc4 23.Rxc4 e4
24.Bf4 d3  0-1

[Event "TCh-ROU League A 2012"]
[Site "Olanesti ROU"]
[Date "2012.10.10"]
[Round "5.1"]
[White "Soltanici,R"]
[Black "Stanca,A"]
[Result "1/2-1/2"]
[WhiteElo "2433"]
[BlackElo "2199"]

1.e4 g6 2.d4 Bg7 3.Nc3 d6 4.f4 e6 5.Nf3 Ne7 6.Be3 a6 7.Bd3 b5 8.O-O O-O 9.a4 b4
10.Ne2 Nd7 11.Qd2 c5 12.c3 Qa5 13.cxb4 cxb4 14.Nc1 Nf6 15.Nb3 Qb6 16.a5 Qb7
17.Qc2 Bd7 18.e5 Ng4 19.Bd2 Nd5 20.Rfe1 Rac8 21.Qd1 Bb5 22.Bxb5 Qxb5 23.Ng5 Nh6
24.Ne4 Qd3 25.Rc1 Nf5 26.Qf3 Qxf3 27.gxf3 Rfd8 28.Nxd6 Nxd6 29.exd6 Bf8 30.Rxc8 Rxc8
31.d7 Rd8 32.Rc1 Rxd7 33.Rc6 Ra7 34.Nc5 Bxc5 35.dxc5 Kf8 36.f5 gxf5 37.Rb6 Ke7
38.Bxb4 Kd7 39.Rd6+ Kc7 40.Bc3 Nxc3 41.bxc3 Ra8 42.Kf2 f4 43.Ke2 Rg8 44.h4 Rg6
45.Rxa6 e5 46.Ra7+ Kc6 47.Rxf7 Kxc5 48.Rxh7 Kc4 49.Rc7+ Kd5 50.Rb7 Kc4 51.Rb4+ Kxc3
52.Ra4 Ra6 53.h5 Kb3 54.Ra1 Kc2 55.Kf2 Kd2 56.Ra3 Kd1 57.h6 Rxh6 58.a6 Rh8
59.a7 Ra8 60.Ra2 Kc1 61.Kg2 Kb1 62.Ra5 Kc2 63.Kh3 Kc3 64.Kg4 Kd4  1/2-1/2